O užitečnosti porozumění leskům a bídám postmoderních evolucí životních potřeb a odpadů, aneb, Aneb [sic] o evoluci bifurkačních relativizací producentských a konzumentských životních snů a skutečností /

Hlavní autor: Homola, Karel
Jazyk: Čeština
Vydáno: Radostín nad Oslavou : Karel Homola, 2008
Vydání: Vyd. 1.
Edice: Základy evoluční gramotnosti
Témata:
Fyzický popis: 38 s. ; 15 x 22 cm
Knihy
Uloženo v:
LEADER 01808nam a2200445 a 4500
001 nkc20081808524
003 CZ PrNK
005 20080915152059.0
007 ta
008 080613s2008 xr e f 000 0 cze
015 |a cnb001808524 
020 |a 978-80-254-2909-9  |q (v knize neuvedneo ;  |q kroužková vazba) :  |c Kč 85,00 
035 |a (OCoLC)237196769 
040 |a OLA001  |b cze 
072 7 |a 159.92  |x Vývojová psychologie. Individuální psychologie  |2 Konspekt  |9 17 
080 |a 159.9:575.8  |2 MRF 
080 |a 159.923  |2 MRF 
080 |a 316.628  |2 MRF 
080 |a (035)  |2 MRF 
100 1 |a Homola, Karel  |7 ola2003199602  |4 aut 
245 1 0 |a O užitečnosti porozumění leskům a bídám postmoderních evolucí životních potřeb a odpadů, aneb, Aneb [sic] o evoluci bifurkačních relativizací producentských a konzumentských životních snů a skutečností /  |c Karel Homola 
246 3 0 |a O evoluci bifurkačních relativizací producentských a konzumentských životních snů a skutečností 
250 |a Vyd. 1. 
260 |a Radostín nad Oslavou :  |b Karel Homola,  |c 2008 
300 |a 38 s. ;  |c 15 x 22 cm 
490 1 |a Základy evoluční gramotnosti 
650 0 7 |a evoluční psychologie  |7 ph120409  |2 czenas 
650 0 7 |a psychologie osobnosti  |7 ph115951  |2 czenas 
650 0 7 |a lidské potřeby  |7 ph122341  |2 czenas 
650 0 9 |a genetic psychology  |2 eczenas 
650 0 9 |a psychology of personality  |2 eczenas 
650 0 9 |a human need  |2 eczenas 
655 7 |a příručky  |7 fd133209  |2 czenas 
655 9 |a handbooks and manuals  |2 eczenas 
830 0 |a Základy evoluční gramotnosti  |0 s 
910 2 |a BOA001  |b 2-1207.619 
990 |a BK 
995 |a 01 
991 |b 200807  |c NOV 
996 6 |b 2610346927  |c 2-1207.619  |l MZK  |r Sklad / do 1 hodiny  |n 1  |p p.v.  |w 000901212  |u 000010  |a 1  |e BOA001  |j MZK50  |s P